000
00216 a2200085 4500
020
_a
9789881545237
100
_a
Luc Wagner
245
_a
Harmony between Architecture & Scenery
260
_b
Design Media Publishing
_c
2014
999
_c
13293
_d
13293